<?xml version="1.0" encoding="UTF-8"?>
<record
    xmlns:xsi="http://www.w3.org/2001/XMLSchema-instance"
    xsi:schemaLocation="http://www.loc.gov/MARC21/slim http://www.loc.gov/standards/marcxml/schema/MARC21slim.xsd"
    xmlns="http://www.loc.gov/MARC21/slim">

  <leader>00554nam a22001697a 4500</leader>
  <controlfield tag="003">UA-OsUOA</controlfield>
  <controlfield tag="001"> 19838 </controlfield>
  <controlfield tag="007">ta</controlfield>
  <controlfield tag="008">20040928b un ||||| |||| 00| 0 ukr d</controlfield>
  <datafield tag="942" ind1=" " ind2=" ">
    <subfield code="c">SA</subfield>
  </datafield>
  <datafield tag="040" ind1=" " ind2=" ">
    <subfield code="a">UA-OsUOA</subfield>
    <subfield code="c">UA-OsUOA</subfield>
    <subfield code="d">UA-OsUOA</subfield>
  </datafield>
  <datafield tag="245" ind1=" " ind2=" ">
    <subfield code="a">&#x41F;&#x430;&#x43C;'&#x44F;&#x442;&#x456; &#x43A;&#x43E;&#x43B;&#x435;&#x433;&#x438;</subfield>
    <subfield code="b">[&#x41F;&#x440;&#x43E; &#x434;&#x43E;&#x446;. &#x420;&#x456;&#x432;&#x43D;&#x435;&#x43D;. &#x434;&#x435;&#x440;&#x436;. &#x433;&#x443;&#x43C;&#x430;&#x43D;&#x456;&#x442;. &#x443;-&#x442;&#x443;, &#x43A;&#x430;&#x43D;&#x434;. &#x444;&#x456;&#x43B;&#x43E;&#x43B;&#x43E;&#x433;. &#x43D;&#x430;&#x443;&#x43A; &#x421;.&#x412;. &#x411;&#x430;&#x431;&#x438;&#x447;&#x430;]</subfield>
  </datafield>
  <datafield tag="300" ind1=" " ind2=" ">
    <subfield code="a">&#x421;.7</subfield>
  </datafield>
  <datafield tag="955" ind1=" " ind2=" ">
    <subfield code="a">0</subfield>
  </datafield>
  <datafield tag="773" ind1="0" ind2=" ">
    <subfield code="w">0</subfield>
    <subfield code="t">&#x41D;&#x43E;&#x432;&#x430; &#x412;&#x43E;&#x43B;&#x438;&#x43D;&#x44C;</subfield>
    <subfield code="d">&#x420;&#x456;&#x432;&#x43D;&#x435;</subfield>
    <subfield code="d">2004</subfield>
    <subfield code="g">&#x2116;37/16 &#x432;&#x435;&#x440;&#x435;&#x441;./</subfield>
  </datafield>
  <datafield tag="650" ind1=" " ind2="7">
    <subfield code="a">&#x411;&#x430;&#x431;&#x438;&#x447; &#x421;.&#x412;.</subfield>
    <subfield code="2">UDC</subfield>
  </datafield>
  <datafield tag="999" ind1=" " ind2=" ">
    <subfield code="c">306011</subfield>
    <subfield code="d">306011</subfield>
  </datafield>
</record>
